Globalisation and Indian economics (Record no. 6195)

MARC details
000 -LEADER
fixed length control field 00495cam a2200205ua 4500
001 - CONTROL NUMBER
control field 7071
005 - DATE AND TIME OF LATEST TRANSACTION
control field 20260515114141.0
008 - FIXED-LENGTH DATA ELEMENTS--GENERAL INFORMATION
fixed length control field 141122n ii |||gr||||Z||||||eng
020 ## - INTERNATIONAL STANDARD BOOK NUMBER
International Standard Book Number 9789382358091
040 ## - CATALOGING SOURCE
Transcribing agency MAIN
041 ## - LANGUAGE CODE
Language code of text/sound track or separate title eng
082 ## - DEWEY DECIMAL CLASSIFICATION NUMBER
Classification number 330
100 ## - MAIN ENTRY--PERSONAL NAME
Personal name Nagre, Vijay H.,
Relator term Author.
245 1# - TITLE STATEMENT
Title Globalisation and Indian economics
Statement of responsibility, etc. By Vijay H. Nagre
250 ## - EDITION STATEMENT
Edition statement 1st.
260 ## - PUBLICATION, DISTRIBUTION, ETC.
Place of publication, distribution, etc. Kanpur:
Name of publisher, distributor, etc. Chandralok prakashan,
Date of publication, distribution, etc. 2012.
300 ## - PHYSICAL DESCRIPTION
Extent 280p.
653 ## - INDEX TERM--UNCONTROLLED
Uncontrolled term Economics
942 ## - ADDED ENTRY ELEMENTS (KOHA)
Koha item type Books
Holdings
Withdrawn status Lost status Damaged status Not for loan Home library Current library Shelving location Date acquired Total checkouts Full call number Barcode Date last seen Copy number Price effective from Koha item type
        Naharkatiya College Library Naharkatiya College Library General stacks 09/19/2020   330.954 | NAG 21465 09/19/2020 1 09/19/2020 Books